000 00319 a2200109 4500
001 ART_5696
005 20260410161617.0
008 260409a
245 1 0 _aOrganismos de control externo en la Hacienda Pública
100 1 _aAtchabahian, Adolfo
773 0 _tEnfoques
_g- Nº 10 (oct. 2006)
_wREV416
999 _c11187
_d11187